Mesopotamian witchcraft : toward a history and understanding of Babylonian witchcraft beliefs and literature
Saved in:
| Main Author: | |
|---|---|
| Format: | Book |
| Language: | English |
| Published: |
Leiden :
Brill Styx,
2002
|
| Series: | Ancient magic and divination ;
; 5 |
| Subjects: | |
| Tags: |
Add Tag
No Tags, Be the first to tag this record!
|
MARC
| LEADER | 00000nam a2200000 i 4500 | ||
|---|---|---|---|
| 001 | 1/79523 | ||
| 008 | 080331s2002 eng d | ||
| 020 | |a 90-04-12387-3 | ||
| 035 | |l 10095985 | ||
| 040 | |a GR-MY-UA |b gre |e aacr | ||
| 041 | 0 | |a eng | |
| 082 | 0 | |a 935 |2 (22) | |
| 100 | 1 | |a Abusch, I. Tzvi. | |
| 245 | 1 | 0 | |a Mesopotamian witchcraft : |b toward a history and understanding of Babylonian witchcraft beliefs and literature / |c by Tzvi Abusch |
| 260 | |a Leiden : |b Brill Styx, |c 2002 | ||
| 300 | |a xvi, 314 σ.; |c 25 εκ. | ||
| 490 | 1 | |a Ancient magic and divination |v ; 5 | |
| 504 | |a Βιβλιογραφία: σ. 293-305. Ευρετήριο | ||
| 650 | 0 | 0 | |a Witchcraft |z Iraq |x History. |
| 651 | 0 | |a Iraq |x Antiquities. | |
| 651 | 0 | |a Iraq |x Religious life and customs. | |
| 830 | 0 | |a Ancient magic and divination ; |v ; 5 | |
| 852 | |a INST |b RHODES |e 20080331 |h 935 ABU |p 005400029400 |q 005400029400 |t BK |y 0 | ||
| 901 | |a BIBL4-2008-1 | ||
| 909 | |a Ρ |b 151556 | ||
| 922 | |a 4ΕΛΗ |b 200803 |c ΕΠΕΑΕΚ2/ΤΜΣ |d ΕΛΕΥΘΕΡΟΥΔΑΚΗΣ | ||
| 970 | |a ΚΟΖΑ |b ΜΑΡΙΑ |z 2008/03/31 | ||